00923nam a2200277Ia 450000500170000000800410001702000140005810000310007224500800010325000190018330000420020249000090024465000470025365000520030065000370035265000370038970000260042694200150045226400290046733600270049633700330052333800280055604000350058408400110061999900150063020220317001248.0160825s1992 ck g 000 0 spa  a9580706851 aGauthier, Bertrandd1945- 13aEl blablá de los gemeloscBertrand Gauthier ; ilustraciones Daniel Dumont a1a. edición  a59 páginas bilustraciones c18 cm  aRosa142LEMBaNovela infantil canadienseySiglo XX142LEMBaLiteratura infantil canadiense ySiglo XX142LEMBaMellizos en la literatura 142LEMB aNiños en la literatura 1 aDumont, Daniel968423 2loccBKLIT aMedellínbEdiluxc1992 atextobtxt2rdacontent asin mediaciónbn2rdamedia avolumenbnc2rdacarrier aCO-BoRNBPbspaerdacCO-BoRNBP aN GAU2 c6423d6423